Health economics (Registro nro. 180663)
[ vista simple ]
| 000 -ENCABEZADO | |
|---|---|
| Número de control [NR] | 01104 a2200277 4500 |
| 005 - FECHA Y HORA DE LA ÚLTIMA TRANSACCIÓN | |
| control field | 20180928152549.0 |
| 008 - DE LONGITUD FIJA DE DATOS DE ELEMENTOS - INFORMACIÓN GENERAL | |
| Elementos de longitud fija [NR] | 130920s2016 xxuad fr|||| 001 0 eng d |
| 020 ## - NUMERO INTERNACIONAL NORMALIZADO PARA LIBROS [R] | |
| Número Internacional Normalizado del libro [NR] | 9780262035118 (2a.Ed.) |
| 020 ## - NUMERO INTERNACIONAL NORMALIZADO PARA LIBROS [R] | |
| Número Internacional Normalizado del libro [NR] | 9780262016766 |
| 040 ## - FUENTE DE CATALOGACION [NR] | |
| Agencia de catalogación original [NR] | Co-BoUCM |
| Idioma de catalogación [NR] | spa |
| Quien Cataloga | Saul Niño (Modificó) |
| Quien Clasifica | [Nuevo] |
| 041 00 - CODIGO DE IDIOMA [R] | |
| Código de idioma para texto/pista de sonido o título separado [R] | Inglés |
| 100 1# - ASIENTO PRINCIPAL--NOMBRE PERSONAL [NR] | |
| Nombre personal [NR] | Sloan, Frank A. |
| ID Autoridad | 45757 |
| 245 10 - MENCION DE TITULO [NR] | |
| Título [NR] | Health economics |
| Mención de responsabilidad, etc. [NR] | Frank A. Sloan, Chee-Ruey Hsieh |
| 250 ## - MENCION DE EDICION [NR] | |
| Mención de edición [NR] | Segunda edición |
| 260 ## - PUBLICACION, DISTRIBUCION, ETC. (PIE DE IMPRENTA) [R] | |
| Lugar de publicación, distribución, etc. [R] | Cambridge (Massachusetts, Estados Unidos) |
| Nombre del editor, distribuidor, etc. [R] | MIT press |
| Fecha de publicación, distribución, etc. [R] | 2016 |
| 300 ## - DESCRIPCION FISICA [R] | |
| Extensión [R] | xxxi, 803 páginas |
| Otros detalles físicos [NR] | ilustraciones, cuadros, gráficas |
| 504 ## - NOTA DE BIBLIOGRAFIA, ETC. [R] | |
| Nota de bibliografía, etc. [NR] | Incluye referencias bibliográficas e índices |
| 650 #7 - ASIENTO SECUNDARIO DE MATERIA - TERMINO TEMATICO [R] | |
| Término temático o nombre geográfico como elemento de entrada [NR] | Administración de servicios de salud |
| Subdivisión general [R] | Aspectos económicos |
| 9 (RLIN) | 46253 |
| 650 #7 - ASIENTO SECUNDARIO DE MATERIA - TERMINO TEMATICO [R] | |
| Término temático o nombre geográfico como elemento de entrada [NR] | Atención hospitalaria |
| Subdivisión general [R] | Aspectos económicos |
| 9 (RLIN) | 46254 |
| 650 #7 - ASIENTO SECUNDARIO DE MATERIA - TERMINO TEMATICO [R] | |
| Término temático o nombre geográfico como elemento de entrada [NR] | Atención médica |
| Subdivisión general [R] | Aspectos económicos |
| 9 (RLIN) | 46255 |
| 650 #7 - ASIENTO SECUNDARIO DE MATERIA - TERMINO TEMATICO [R] | |
| Término temático o nombre geográfico como elemento de entrada [NR] | Planificación de la salud |
| Subdivisión general [R] | Aspectos económicos |
| 9 (RLIN) | 46256 |
| 690 ## - ASUNTO AGREGADO LOCAL DE ENTRADA - TÉRMINO TEMÁTICO (OCLC, RLIN) | |
| Acceso temático local | Economía |
| 9 (RLIN) | 174 |
| 700 1# - ASIENTO SECUNDARIO - NOMBRE PERSONAL [R] | |
| Nombre personal [NR] | Hsieh, Chee-Ruey |
| 9 (RLIN) | 45758 |
| 942 ## - ELEMENTOS DE ENTRADA AGREGADOS (KOHA) | |
| Tema principal | Economía |
| Tipo de ítem principal el descrito en 300a | Libro de reserva |
| Edición | 1 |
| Parte restante de la signatura top. | S634h |
| Sistema de clasificación | DEWEY |
| Clasificación | 338.43362 |
| Fecha de último préstamo | Total préstamos | Total Renewals | Signatura topográfica | Código de barras | Última vez visto | Ejemplar | Costo de reposición | Price effective from | Tipo de ítem | Perdido | Sistema de clasificación | Dañado | No prestable | Tipo de ítem específico | Suprimido | Ubicación habitual | Ubicación actual | Localización | Fecha de creación | Proveedor | Forma de adquisición | Costo | Volúmen / Fascículo |
|---|---|---|---|---|---|---|---|---|---|---|---|---|---|---|---|---|---|---|---|---|---|---|---|
| 13/06/2016 | 1 | 2 | 338.43362 S634h | 100136194 | 03/12/2025 | Ej.2 | 132288.00 | 12/09/2013 | Libro | DEWEY | Libro | Claustro | Claustro | Mezanine | 12/09/2013 | 15 | Compra | 135000.00 | |||||
| 28/10/2024 | 2 | 4 | 338.43362 S634h | 100136195 | 03/12/2025 | Ej.3 | 132288.00 | 12/09/2013 | Libro | DEWEY | Libro | Claustro | Claustro | Mezanine | 12/09/2013 | 15 | Compra | 135000.00 | |||||
| 338.43362 S634h | 100136193 | 03/12/2025 | Ej.1 | 132288.00 | 12/09/2013 | Libro | DEWEY | Libro | Claustro | Claustro | Mezanine | 12/09/2013 | 15 | Compra | 135000.00 | ||||||||
| 338.43362 S634h | 100140845 | 03/12/2025 | Ej.7 | 143500.00 | 19/03/2014 | Libro | DEWEY | Libro | Claustro | Claustro | Mezanine | 19/03/2014 | 15 | Compra | 143500.00 | ||||||||
| 338.43362 S634h | 100140842 | 03/12/2025 | Ej.4 | 143500.00 | 19/03/2014 | Libro | DEWEY | Libro | Claustro | Claustro | Mezanine | 19/03/2014 | 15 | Compra | 143500.00 | ||||||||
| 03/02/2023 | 2 | 2 | 338.43362 S634h | 100140844 | 04/12/2025 | Ej.6 | 143500.00 | 19/03/2014 | Libro | DEWEY | Libro | Claustro | Claustro | Mezanine | 19/03/2014 | 15 | Compra | 143500.00 | |||||
| 338.43362 S634h | 100140843 | 03/12/2025 | Ej.5 | 143500.00 | 19/03/2014 | Libro | DEWEY | Libro | Claustro | Claustro | Mezanine | 19/03/2014 | 15 | Compra | 143500.00 | ||||||||
| 338.43362 S634h | 100158042 | 03/12/2025 | Ej.1 | 278450.00 | 17/09/2018 | Libro | DEWEY | Libro | Claustro | Claustro | Mezanine | 17/09/2018 | 19 | Compra | 278450.00 | 2a.Ed. | |||||||
| 24/03/2023 | 1 | 1 | 338.43362 S634h | 100158043 | 03/12/2025 | Ej.2 | 278450.00 | 17/09/2018 | Libro | DEWEY | Libro | Claustro | Claustro | Mezanine | 17/09/2018 | 19 | Compra | 278450.00 | 2a.Ed. | ||||
| 338.43362 S634h | 100158044 | 03/12/2025 | Ej.3 | 278450.00 | 17/09/2018 | Libro | DEWEY | Libro | Claustro | Claustro | Mezanine | 17/09/2018 | 19 | Compra | 278450.00 | 2a.Ed. |